000 00665nam a2200241 i 4500
001 C2-0255352
003 PPAK
005 20180727223126.0
008 040601s1990 my |||| ||||| | may d
040 _aPPAK
_beng
_cPPAK
_erda
082 0 4 _a899.233
_223
090 0 0 _a899.233
_bHAJ
_dKAA
100 0 _aHajrah Embong,
_eauthor
245 1 0 _aSejambak budi semarak kasih
264 1 _aPulau Pinang :
_bPusat Pengajian Ilmu Kemanusiaan ,
_c1990
300 _a118 pages ;
_c30 cm
336 _2rdacontent
_atext
337 _2rdamedia
_aunmediated
338 _2rdacarrier
_avolume
500 _aPenulisan kreatif II
650 1 0 _aMalay fiction
942 _ddc
_cB
999 _c67828
_d67828